• 首页
  • 本馆介绍
  • 公告通知
  • 最新文献
  • 馆藏检索
  • 电子资源
  • 读者导购
  • 参考咨询
  • 我的图书馆
  • 登录
  • 详细信息显示
  • 放入我的书架
  • 预约/预借图书
  • 作者相关作品
  • 分类相关作品
  • 丛书相关作品
  • 出版社相关作品

书目信息

  • 表格格式
  • 工作单格式
  • 卡片格式
题名:
用TLA+定义系统
    
 
作者: 兰伯特 著 ;董路明 , 贺志平 译
分册:  
出版信息: 北京   机械工业出版社  2021.4
页数: 13,314页
开本: 26cm
丛书名: 计算机科学丛书
单 册:
中图分类: TP311.11
科图分类:
主题词: 并发程序设计
电子资源:
ISBN: 978-7-111-67822-9
000 01413nam0 2200337 45
001 012001000152
005 20140910154608.0
010    @a978-7-111-67822-9@dCNY139.00
100    @a20210609d2021 em y0chiy50 ea
101 1  @achi@ceng
102    @aCN@b110000
105    @ay z 000yy
106    @ar
200 1  @a用TLA+定义系统@Ayong TLA+ ding yi xi tong@b专著@eTLA+语言与工具在软硬件设计中的应用@dSpecifying systems@ethe TLA+ language and tools for hardware and software engineers@f(美)莱斯利·兰伯特(Leslie Lambert)著@g董路明,贺志平译@zeng
210    @a北京@c机械工业出版社@d2021.4
215    @a13,314页@d26cm
225 1  @a计算机科学丛书
225 1  @a中兴通讯技术丛书
300    @a并列题名:Specifying systems
305    @a由Pearson Education(培生教育出版集团)授权出版
330    @a本书介绍了形式化建模语言TLA+以及模型检查工具TLC,并结合若干案例,描述了从数学原理到系统建模的哲学思想,以及从建模语言的工程实践到模型验证工具的运用技巧等内容。
461  0 @12001 @a计算机科学丛书
461  0 @12001 @a中兴通讯技术丛书
510 1  @aSpecifying systems@ethe TLA+ language and tools for hardware and software engineers@zeng
606 0  @a并发程序设计
690    @aTP311.11@v5
701  0 @(美)@a兰伯特@Alan bo te@c(Lambert, Leslie)@4著
702  0 @a董路明@Adong lu ming@4译
702  0 @a贺志平@Ahe zhi ping@4译
801  0 @aCN@bBJSDL@c20211011
905    @b1330580-3@dTP311.11@e1701@f4
    
    用TLA+定义系统:TLA+语言与工具在软硬件设计中的应用=Specifying systems:the TLA+ language and tools for hardware and software engineers/(美)莱斯利·兰伯特(Leslie Lambert)著/董路明,贺志平译.-北京:机械工业出版社,2021.4
    13,314页;26cm.-(计算机科学丛书).-(中兴通讯技术丛书)
    并列题名:Specifying systems
    
    ISBN 978-7-111-67822-9:CNY139.00
    本书介绍了形式化建模语言TLA+以及模型检查工具TLC,并结合若干案例,描述了从数学原理到系统建模的哲学思想,以及从建模语言的工程实践到模型验证工具的运用技巧等内容。
●
相关链接 在E读中查询图书 在五车中查询图书 在当当中查询图书 在豆瓣中查询图书


正题名:用TLA+定义系统     索取号:TP311.11/1701         预约/预借

序号 登录号 条形码 馆藏地/架位号 状态 备注
1 1330580   213305804   第二样本阅览室/ [索取号:TP311.11/1701] 在馆    
2 1330581   213305813   第三借阅区/ [索取号:TP311.11/1701] 在馆    
3 1330582   213305822   第三借阅区/ [索取号:TP311.11/1701] 在馆    
4 1330583   213305831   第三借阅区/ [索取号:TP311.11/1701] 在馆    
唐山师范学院图书馆 欢迎您!
大连网信软件有限公司© 版权所有